000 00587nab#a2200205#c#4500
999 _c19056
_d19056
003 IEF
005 20191205175451.0
008 950704s1975 uuu|| #####0 b| |u
040 _aIEF
_cES-MaIEF
100 1 _aDomingo Solans, Eugenio
_913341
245 _aComentario a la Reforma de la Hacienda Local Española
_c Eugenio Domingo Solans
260 _c1975
650 4 _aESPAÑA
_941092
650 4 _aHACIENDAS LOCALES
_945217
650 4 _aREFORMA
_910750
773 0 _tHacienda Pública Española
_w34570
_gn. 35, 1975;pags. 239-252
942 _2udc
942 _2udc